000
00327nam a22001337a 4500
008
250703b |||||||| |||| 00| 0 eng d
020
_a
04717269311
050
_a
HD3357
_b
.R87
100
_a
LARKEN Richard F.
245
_a
Gaap for Government
260
_a
Canada
_b
John Wiley & Sons Inc.
_c
2001
300
_a
106p.
942
_c
BK
999
_c
4087
_d
4087